000 00695cab a2200241 4500
001 ABS59383
008 090401t1998 xxu||||| |||| 00| 0 eng d
035 _a(Sirsi) u89016
041 _aeng
100 _aStevenson, R.
245 _aWill you recover?
260 _c1998
350 _a0
490 _aBuilding
_v263(8054) 4 September 1998, 41(1)
520 _aConsiders how much a liable supervisor can recover from a contractor who produces poor workmanship - an issue not wholly covered by the courts.
650 _aCOMPENSATION
650 _aLIABILITY
650 _aPOOR WORKMANSHIP
650 _aRECOVERY
690 _aBUILT ENVIRONMENT
942 _n0
948 _c15/10/1998
999 _c56295
_d56295